[Event "Polanica Zdroj op-A 44th"]
[Site "Polanica Zdroj"]
[Date "2008.08.28"]
[Round "10"]
[White "Zysko, Jan"]
[Black "Jozefczak, Andrzej"]
[Result "1-0"]
[WhiteElo "2148"]
[BlackElo "2013"]
[PlyCount "102"]
[EventDate "2008.08.19"]
[EventType "swiss"]
[EventRounds "10"]
[EventCountry "POL"]
[SourceTitle "CBM 126 Extra"]
[Source "ChessBase"]
[SourceDate "2008.11.05"]
[SourceVersion "1"]
[SourceVersionDate "2008.11.05"]
[SourceQuality "1"]

1. e4 e6 2. d4 d5 3. Nc3 dxe4 4. Nxe4 Nd7 5. Nf3 Ngf6 6. Bd3 Nxe4 7. Bxe4 Nf6 8. Bd3 b6 9. Qe2 Bb7 10. 0-0 a6 11. Be3 Be7 12. c3 0-0 13. Ne5 c5 14. Kh1 Qc7 15. Rac1 b5 16. Bb1 Be4 17. Bxe4 Nxe4 18. Bf4 Qb7 19. Rfe1 Nf6 20. dxc5 Bxc5 21. Rcd1 Rad8 22. Kg1 h6 23. h3 Be7 24. Kf1 Rxd1 25. Rxd1 Rd8 26. Rxd8+ Bxd8 27. Qf3 Nd5 28. Kg1 Qe7 29. Nd3 Bc7 30. Be5 f6 31. Bxc7 Qxc7 32. Qe4 Qd6 33. c4 bxc4 34. Qxc4 a5 35. a3 Kh7 36. b4 axb4 37. Nxb4 Qe5 38. Qd3+ f5 39. Nxd5 exd5 40. g3 Kg6 41. g4 Qa1+ 42. Kg2 Kh7 43. Qxf5+ Kh8 44. Qxd5 Qxa3 45. Qe5 Qa8+ 46. Kg3 Qb7 47. Kh4 Qf3 48. Qe3 Qf6+ 49. Kg3 g5 50. f4 Qd8 51. Qe5+ Kh7 1-0

[Event "Polanica Zdroj op-A 44th"]
[Site "Polanica Zdroj"]
[Date "2008.08.26"]
[Round "8"]
[White "Walkusz, Witoslaw"]
[Black "Jozefczak, Andrzej"]
[Result "0-1"]
[WhiteElo "2151"]
[BlackElo "2013"]
[PlyCount "25"]
[EventDate "2008.08.19"]
[EventType "swiss"]
[EventRounds "10"]
[EventCountry "POL"]
[SourceTitle "CBM 126 Extra"]
[Source "ChessBase"]
[SourceDate "2008.11.05"]
[SourceVersion "1"]
[SourceVersionDate "2008.11.05"]
[SourceQuality "1"]

1. d4 f5 2. c4 e6 3. g3 Nf6 4. Bg2 d5 5. Nf3 c6 6. Qc2 Bd6 7. 0-0 0-0 8. b3 Nbd7 9. Bb2 Ne4 10. Ne5 Qf6 11. f3 Nxe5 12. dxe5 Bc5+ 13. Kh1 0-1

[Event "Polanica Zdroj op-A 44th"]
[Site "Polanica Zdroj"]
[Date "2008.08.25"]
[Round "7"]
[White "Jozefczak, Andrzej"]
[Black "Raszkiewicz, Agnieszka"]
[Result "1-0"]
[WhiteElo "2013"]
[BlackElo "1827"]
[PlyCount "49"]
[EventDate "2008.08.19"]
[EventType "swiss"]
[EventRounds "10"]
[EventCountry "POL"]
[SourceTitle "CBM 126 Extra"]
[Source "ChessBase"]
[SourceDate "2008.11.05"]
[SourceVersion "1"]
[SourceVersionDate "2008.11.05"]
[SourceQuality "1"]

1. e4 c5 2. Nf3 Nc6 3. c4 e5 4. d3 d6 5. Nc3 Nf6 6. Be2 Be6 7. 0-0 Be7 8. Nd5 Bxd5 9. cxd5 Nb8 10. Nd2 Nbd7 11. a4 0-0 12. Nc4 Ne8 13. f4 f6 14. f5 a5 15. Qe1 b6 16. Qg3 Kh8 17. Qh4 Rg8 18. Bh5 Bf8 19. Bg6 h6 20. Rf3 Qe7 21. Rh3 Nc7 22. Ne3 b5 23. Ng4 bxa4 24. Nxh6 gxh6 25. Bxh6 1-0